Mirar la práctica docente desde los valores

Bewaard in:
Bibliografische gegevens
Hoofdauteurs: Fierro, María Cecilia (Auteur), Carbajal, Patricia (Auteur)
Formaat: Boek
Taal:Spaans
Gepubliceerd in: Barcelona Gedisa 2003
Editie:1a. ed
Reeks:Biblioteca de Educación, 5
Onderwerpen:
Tags: Voeg label toe
Geen labels, Wees de eerste die dit record labelt!

MARC

LEADER 00000nam a2200000 a 4500
001 UCL8997
003 CL-VaPUC
008 040716e20030000SP |||||||||||||||||spa|d
020 |a 8474329914 
082 0 4 |a 370.114  |b FIE  |2 21 
100 0 |a Fierro, María Cecilia  |e author  |9 486876 
700 0 |a Carbajal, Patricia  |e author  |9 486877 
245 1 0 |a Mirar la práctica docente desde los valores 
250 |a 1a. ed 
300 |a 301 p 
942 |c BK 
945 |d 20040716 00:00:00  |a cmena 
260 |a Barcelona  |b Gedisa  |c 2003 
650 0 |a Educación moral  |9 308319 
650 0 |a Rol del docente  |9 329733 
650 0 |a Comportamiento moral  |9 334569 
650 0 |a Responsabilidad social  |9 339076 
650 0 |a Métodos de enseñanza  |9 270413 
650 0 |a Valores sociales  |9 309627 
650 0 |a Formación profesional de profesores  |9 307493 
583 |a last modification  |c 20040716 00:00:00  |k Rodrigo Vera 
490 0 |a Biblioteca de Educación, 5 
999 |c 309997  |d 309995 
952 |0 0  |1 0  |4 0  |6 370_114000000000000_FIE_2003  |7 0  |8 A  |9 377999  |a BIBEDU  |b BIBEDU  |d 2019-11-21  |i 4036883  |l 4  |o 370.114 FIE 2003  |p 4036883  |r 2023-03-16  |s 2023-03-09  |w 2019-11-21  |y BK  |k EBA